| 000 | 00740nam a2200229 a 4500 | ||
|---|---|---|---|
| 005 | 20260307064016.0 | ||
| 008 | 181116s2017 mx r 000 0 spa d | ||
| 020 | _a9788416922536 (Iberoamericana) | ||
| 020 | _a9783954876761 (Vervuert) | ||
| 035 | _aUPN01000227920 | ||
| 049 | _aCG | ||
| 050 | 4 |
_aP35 _bD4.2 |
|
| 245 | 0 | 0 |
_aDe América a Europa : _bdenominaciones de alimentos americanos en lenguas europeas / _ced. Erla Erlendsdóttir. |
| 260 |
_aMadrid : _bIberoamericana : _bVervuert, _c2017. |
||
| 300 | _a415 p. | ||
| 650 | 4 |
_aLingüística antropológica _924158 |
|
| 650 | 4 |
_aLINGUISTICA - _xINVESTIGACION _98461 |
|
| 650 | 2 |
_aVocabulario _921137 |
|
| 700 | 1 |
_aErkebdsdpittir, Erla, _eed. |
|
| 905 | _aLibro | ||
| 999 |
_c200015 _d200015 |
||